Giáo trình xác suất thống kê

Những kiến thức cơ bản về xác suất thống kê: Sự kiện ngẫu nhiên và phép tính xác suất, biến ngẫu nhiên và luật phân phối xác suất, bién ngẫu nhiên nhiều chiều, mẫu thống kê và ước lượng tham số, kiểm định giả thuyết

Zapisane w:
Opis bibliograficzny
1. autor: Tống Đình Quỳ
Format: Książka
Język:Vietnamese
Wydane: H. Đại học Quốc gia Hà Nội 2004
Wydanie:In lần thứ 4
Hasła przedmiotowe:
Etykiety: Dodaj etykietę
Nie ma etykietki, Dołącz pierwszą etykiete!
Thư viện lưu trữ: Mạng thư viện Đại học Đà Nẵng
LEADER 01345nam a2200337 4500
001 000007773
003 3938
005 20121016091046.0
008 111011s2004 viesd
020 |c 16500đ 
041 0 |a vie 
082 |a 519  |b TÔ-Q 
100 0 |a Tống Đình Quỳ 
245 0 |a Giáo trình xác suất thống kê  |c Tống Đình Quỳ 
250 |a In lần thứ 4 
260 |a H.  |b Đại học Quốc gia Hà Nội  |c 2004 
300 |a 243tr.  |b hình vẽ, bảng  |c 21 cm 
504 |a Thư mục: tr. 239 
520 |a Những kiến thức cơ bản về xác suất thống kê: Sự kiện ngẫu nhiên và phép tính xác suất, biến ngẫu nhiên và luật phân phối xác suất, bién ngẫu nhiên nhiều chiều, mẫu thống kê và ước lượng tham số, kiểm định giả thuyết 
650 |a Thống kê 
653 |a Xác suất 
OWN |a LSP 
AVA |a UDN50  |b LSP  |d 519 TÔ-Q  |e check_holdings  |t Error 5003 Not defined in file expand_doc_bib_avail.  |h N  |k 1 
999 |a From the UDN01 
AVA |a UDN50  |b LSP  |d 519 TÔ-Q  |e available  |t Error 5001 Not defined in file expand_doc_bib_avail.  |f 37  |g 17  |h N  |i 10  |k 1 
TYP |a Monograph 
TYP |a Printed language 
980 |a Mạng thư viện Đại học Đà Nẵng